000 00342nam a2200145 i 4500
001 bg
100 1 _aLAKS, Piter D.
245 0 _aTeorija rassejanija /
_cPiter D. Laks, Ralf Fullips.
260 _aMoskva,
_c1971.
700 1 _aFULLIPS, Ralf
040 _cBPK
041 _apol
942 _cKS
008 s pl f |000 0 pol
999 _c14023
_d14023
856 _uhttp://koha.tu.koszalin.pl/cgi-bin/koha/opac-detail.pl?biblionumber=14023
_yKatalog online BPK